[Event "Avoine op 33rd"]
[Site "Avoine"]
[Date "2018.07.23"]
[Round "3"]
[White "Devaure, Guillaume"]
[Black "Degardin, Sylvain"]
[Result "0-1"]
[WhiteElo "1933"]
[BlackElo "2197"]
[PlyCount "42"]
[EventDate "2018.07.21"]
[EventType "swiss"]
[EventRounds "9"]
[EventCountry "FRA"]
[SourceTitle "CBM 185 Extra"]
[Source "ChessBase"]
[SourceDate "2018.07.29"]
[SourceVersion "1"]
[SourceVersionDate "2018.07.29"]
[SourceQuality "1"]

1. e4 c5 2. Nc3 d6 3. f4 g6 4. Nf3 Bg7 5. Bc4 Nc6 6. 0-0 Nf6 7. d3 0-0 8. Qe1 Nd4 9. Qh4 Nxc2 10. f5 Nxa1 11. fxg6 Be6 12. Bxe6 fxe6 13. Ng5 hxg6 14. Nxe6 Qd7 15. Nxg7 Qg4 16. Qh6 Nh5 17. Nf5 gxf5 18. Qe6+ Rf7 19. Rxf5 Raf8 20. Rg5+ Qxg5 21. Bxg5 Ng7 0-1

[Event "Leiden LCT op-A 11th"]
[Site "Leiden"]
[Date "2017.07.18"]
[Round "5"]
[White "Devaure, Guillaume"]
[Black "Rabus, Berthold"]
[Result "0-1"]
[WhiteElo "1908"]
[BlackElo "2161"]
[PlyCount "78"]
[EventDate "2017.07.14"]
[EventType "swiss"]
[EventRounds "9"]
[EventCountry "NED"]
[SourceTitle "EXT 2018"]
[Source "ChessBase"]
[SourceDate "2017.10.13"]
[SourceVersion "1"]
[SourceVersionDate "2017.10.13"]
[SourceQuality "1"]

1. g4 d5 2. h3 e5 3. Bg2 Nc6 4. c4 d4 5. d3 h5 6. g5 Nge7 7. Nd2 Ng6 8. Bxc6+ bxc6 9. Ngf3 Be7 10. Ne4 Bf5 11. Ng3 Be6 12. Qa4 h4 13. Ne4 Qd7 14. Qa5 f6 15. Rg1 f5 16. Nc5 Bxc5 17. Qxc5 Qd6 18. Qxd6 cxd6 19. Bd2 c5 20. b4 cxb4 21. Bxb4 Kd7 22. Kd2 Rab8 23. Rab1 Rb7 24. Ba3 Rhb8 25. Rxb7+ Rxb7 26. e3 dxe3+ 27. fxe3 Rb6 28. Kc3 Ra6 29. Kb3 Rb6+ 30. Kc3 f4 31. exf4 Nxf4 32. Re1 Ra6 33. Kb3 Nxd3 34. Re3 Rb6+ 35. Kc2 Nb4+ 36. Kd2 Nc6 37. Nxh4 Na5 38. c5 Nc4+ 39. Ke2 Ra6 0-1

[Event "Agneaux St Lo op-B 14th"]
[Site "Agneaux"]
[Date "2012.07.07"]
[Round "1.2"]
[White "Meurs, Tom WA"]
[Black "Devaure, Guillaume"]
[Result "1-0"]
[WhiteElo "2246"]
[BlackElo "1853"]
[PlyCount "67"]
[EventDate "2012.07.08"]
[EventType "swiss"]
[EventRounds "8"]
[EventCountry "FRA"]
[SourceTitle "EXT 2014"]
[Source "ChessBase"]
[SourceDate "2013.11.20"]
[SourceVersion "1"]
[SourceVersionDate "2013.11.20"]
[SourceQuality "1"]

1. e4 e5 2. Nf3 Nc6 3. Bb5 f5 4. d3 Bc5 5. 0-0 d6 6. d4 Bxd4 7. Nxd4 exd4 8. Qxd4 Qf6 9. Qc4 Nge7 10. Nc3 Bd7 11. exf5 0-0-0 12. Nd5 Qxf5 13. Nxe7+ Nxe7 14. Bxd7+ Qxd7 15. Bg5 Rde8 16. b4 Nc6 17. Be3 Re6 18. Kh1 Rg6 19. h3 Qe6 20. Qb3 Qe4 21. Rg1 Qxb4 22. Qd3 Ne5 23. Qf5+ Kb8 24. f4 Nc6 25. Rge1 Nd4 26. Qd3 Nc6 27. Qd5 Qa5 28. Qf7 a6 29. Rab1 Qc3 30. f5 Rg3 31. Bf2 Ne5 32. Qd5 b5 33. Rb3 Qxc2 34. Bxg3 1-0

[Event "FRA-ch U08"]
[Site "Aix les Bains"]
[Date "2006.??.??"]
[Round "4"]
[White "Devaure, Guillaume"]
[Black "Kohi, Armand"]
[Result "0-1"]
[WhiteElo "1550"]
[BlackElo "1670"]
[PlyCount "64"]
[EventDate "2006.04.16"]
[EventType "swiss"]
[EventRounds "9"]
[EventCountry "FRA"]
[SourceTitle "EXT 2007"]
[Source "ChessBase"]
[SourceDate "2006.11.23"]
[SourceVersion "1"]
[SourceVersionDate "2006.11.23"]
[SourceQuality "1"]

1. e4 e6 2. d4 d5 3. exd5 exd5 4. Nc3 c6 5. Nf3 Bb4 6. Bd3 Nf6 7. 0-0 0-0 8. Bg5 Re8 9. Ne5 Nbd7 10. Re1 h6 11. Bh4 Qc7 12. Nxd7 Rxe1+ 13. Qxe1 Bxd7 14. Bxf6 gxf6 15. Qe3 Bf8 16. Qf3 Bg7 17. Re1 Qd6 18. Bf5 Re8 19. Rxe8+ Bxe8 20. Qd3 Qf4 21. Bh7+ Kh8 22. Ne2 Qd6 23. Bf5 Qb4 24. Qc3 Qb5 25. Bd3 Qb6 26. Qb3 Qa5 27. Nc3 Qc7 28. g3 Qd7 29. Ne2 f5 30. c3 f6 31. Nf4 Kg8 32. Qc2 Qe7 0-1